Neuroanatomy: (Record no. 1155)

MARC details
000 -LEADER
fixed length control field 00585nam a22002177a 4500
003 - CONTROL NUMBER IDENTIFIER
control field OSt
005 - DATE AND TIME OF LATEST TRANSACTION
control field 20220207124506.0
008 - FIXED-LENGTH DATA ELEMENTS--GENERAL INFORMATION
fixed length control field 150304b xxu||||| |||| 00| 0 eng d
020 ## - INTERNATIONAL STANDARD BOOK NUMBER
International Standard Book Number 0443100365
040 ## - CATALOGING SOURCE
Transcribing agency DNLM
082 ## - DEWEY DECIMAL CLASSIFICATION NUMBER
Classification number WL 101 C87n 2005
100 ## - MAIN ENTRY--PERSONAL NAME
Personal name Crossman, A. R.; Neary D.
9 (RLIN) 3159
245 ## - TITLE STATEMENT
Title Neuroanatomy:
Statement of responsibility, etc. An illustrated colour text
250 ## - EDITION STATEMENT
Edition statement 3rd ed.
260 ## - PUBLICATION, DISTRIBUTION, ETC. (IMPRINT)
Place of publication, distribution, etc. London:
Name of publisher, distributor, etc. Churchill Livingstone;
Date of publication, distribution, etc. 2005.
300 ## - PHYSICAL DESCRIPTION
Extent ix,186 p:
Other physical details col.ill;
Dimensions 29 cm.
504 ## - BIBLIOGRAPHY, ETC. NOTE
Bibliography, etc Includes Index
650 ## - SUBJECT ADDED ENTRY--TOPICAL TERM
Topical term or geographic name as entry element Neuro anatomy
9 (RLIN) 3160
700 ## - ADDED ENTRY--PERSONAL NAME
Personal name Neary D.
9 (RLIN) 3161
942 ## - ADDED ENTRY ELEMENTS (KOHA)
Source of classification or shelving scheme Other/Generic Classification Scheme
Koha item type Short Loan
Holdings
Withdrawn status Lost status Source of classification or shelving scheme Damaged status Not for loan Home library Current library Date acquired Source of acquisition Inventory number Total Checkouts Full call number Barcode Date last seen Koha item type Date last checked out
    Other/Generic Classification Scheme     MUST Main Library MUST Main Library 04/03/2015 Donation 09/31869   WL101 C87n 2007 2015-0469 04/03/2015 Short Loan  
    Other/Generic Classification Scheme     MUST Main Library MUST Main Library 22/09/2016   07/29169 1 WL 101 C87n 2005 2016-4487 21/01/2020 Open Shelf 16/10/2019
    Other/Generic Classification Scheme     MUST Main Library MUST Main Library 22/09/2016   10/32600   WL 101 C87n 2005 2016-4488 22/09/2016 Open Shelf  
    Other/Generic Classification Scheme     MUST Main Library MUST Main Library 22/09/2016 Donation 10/32275   WL101 C87n 2005 2016-4489 05/11/2019 Open Shelf